Watt. Výber príloha časopisu 7-8/2000

Bibliographic Details
Format: Book
Language:Slovak
PhysicalDescription:1 CD ROM
Published: Bratislava Watt 2000
Subjects:

MARC

LEADER 00000nam a2200000 a 4500
001 vtls001407267
003 SK-MaSNL
005 20260301012313.0
008 130607s2000 xo 0 slo
015 |a SNBS2001/02-00717 
035 |a SNK000361919 
040 |a SNK  |b slo  |c SNK  |e AACR2 
044 |a xo  |c SK 
080 |a 681.3+784.66:785.1(086.7)  |2 1981 
080 |a 784.66:785.1  |2 1981 
245 1 |a Watt. Výber  |h elektronický zdroj  |b príloha časopisu  |n 7-8/2000 
256 |a Elektronický optický disk 
260 |a Bratislava  |b Watt  |c 2000 
300 |a 1 CD ROM 
500 |a Multimediálny CD ROM 
505 0 |a Obsahuje 19 piesní 
650 0 7 |a počítače  |x časopisy elektronické  |2 SNK  |9 290453 
650 0 7 |a populárna hudba  |x multimédia interaktívne  |2 SNK  |9 291867 
655 7 |a elektronické časopisy  |2 SNK  |9 70705 
655 7 |a interaktívne multimédiá  |2 SNK  |9 63289 
999 |c 553189  |d 555119 
952 |t P60, <03>, [BOOK], {603}  |a SNK  |b SNK  |y PREZ  |7 0  |p 17A0270886  |o snkSCDM 33/2000/7-8  |i snkJK 116/2001  |0 0  |1 0  |4 0  |d 2001-02-13  |l 0  |r 2005-01-02 00:00:00  |w 2026-02-23 
952 |a SNK  |b SNK  |y PREZ  |7 0  |p 17A0270887  |o snkSCDM 33/2000/7-8 D1  |i snkJK 117/2001  |0 0  |1 0  |4 0  |d 2001-02-13  |l 0  |r 2005-01-02 00:00:00  |w 2026-02-23